01072 2200325 4500001002100000005001500021035002000036007000300056008004100059020002200100082001400122084001600136100003100152245018700183250003100370300003100401650002100432700002700453700002800480264004200508336002100550337003000571338002300601040002200624090002200646850001200668999002200680990002200702990002200724INLIS00000000090017820251006025809 a0010-1025000201ta251006s2025 yoi g | ind d a978-623-496-269-704223a153.2 a153.2 LUQ k0 aLuqmanul HakeemePengarang10aKita punya kendala Allah punya kendali :bketika hidup tak sesuai rencana, tapi allah lebih paham segalanya /cLuqmanul Hakeem, Toha Maksun, Ayi Rusmawan; penyunting, Luqmanul Hakeem aCetakan Pertama, Juli 2025 aviii, 291 halaman ;c21 cm 4aKisah inspiratif0 aToha MaksunePengarang0 aAyi RusmawanePengarang31aSleman :bSelfietera Indonesia,c2025 2rdacontentateks 2rdamediaatanpa perantara 2rdacarrieravolume aYOPDYOGbinderda aCB-D.11 2025-3446 aYOPDYOG aCB-D.11/2025-3446 aCB-D.11/2025-3446 aCB-D.11/2025-3446